Digitálna kartografická vizualizácia georeliéfu z dát s vysokým rozlíšením

Guardado en:
Detalles Bibliográficos
Autor principal: Ňorbová, Petra (Autor)
Otros Autores: Lieskovský, Tibor (Orientador)
Formato: Manuscrito Libro
Lenguaje:eslovaco
Publicado: 2022
Materias:
Acceso en línea:http://is.stuba.sk/zp/portal_zp.pl?podrobnosti=172250
https://opac.crzp.sk/?fn=detailBiblioForm&sid=EC9507141B5FF6F0410BCEC822A1
Etiquetas: Agregar Etiqueta
Sin Etiquetas, Sea el primero en etiquetar este registro!

MARC

LEADER 00000ntm a22000003a 4500
001 stuzp90925
003 SK-STU
005 20230509101200.7
007 ta
008 150427s2015----xo-----f-mn---000-0-slo-d
040 |a STU  |b slo 
041 0 |a slo 
100 1 |a Ňorbová, Petra  |u 010130  |4 aut  |U SvF Stavebná fakulta  |T SvF Katedra globálnej geodézie a geoinformatiky  |X 97641  |U V130  |Y 13  |7 97641 
242 0 1 |a Digital cartographical visualisation of georelief using high resolution data  |y eng 
245 1 0 |a Digitálna kartografická vizualizácia georeliéfu z dát s vysokým rozlíšením 
260 |c 2022 
650 4 |a vizualizácia georeliéfu  |2 slo 
650 4 |a digitálny model reliéfu  |2 slo 
650 4 |a Blender  |2 slo 
650 4 |a tieňovanie  |2 slo 
650 4 |a QGIS  |2 slo 
650 4 |a Blender  |2 eng 
650 4 |a QGIS  |2 eng 
650 4 |a georelief visualisation  |2 eng 
650 4 |a shading  |2 eng 
650 4 |a digital relief model  |2 eng 
700 1 |a Lieskovský, Tibor  |u 010130  |k Z1  |4 ths  |U SvF Stavebná fakulta  |T SvF Katedra globálnej geodézie a geoinformatiky  |X 3805  |U V130  |Y 13  |7 A000003805 
856 4 |u http://is.stuba.sk/zp/portal_zp.pl?podrobnosti=172250 
856 4 |u https://opac.crzp.sk/?fn=detailBiblioForm&sid=EC9507141B5FF6F0410BCEC822A1